| 000 | 012730000a22002050004500 | ||
|---|---|---|---|
| 020 | _a84-330-0714-9 | ||
| 082 | 0 | 4 | _aG 261.73 B427c |
| 100 | 1 | _aBelda, Rafael | |
| 245 | 1 | 0 | _aLos cristianos en la vida publica / Rafael Belda |
| 260 | _aBilbao : Desclée de Brower | ||
| 300 | _a257 p. | ||
| 501 | _arústico | ||
| 505 | 0 | 0 | _aI PARTE. La presencia cristiana en la vida pública: La fe no es asunto puramente privado -- Dimensión pública de la fe cristiana -- Esperanza cristiana y esperanza mundana -- La dimensión pública de la fe cristiana en un estado confesional -- La clave del proceso a la Asamblea Conjunta -- Valoración ética del proceso democrático español \ II PARTE. Puntos de reflexión para un compromiso cívico -- Cristianismo y democracia -- El fraude del cristianismo capitalista -- La iglesia actual ante el socialismo -- Un cristiano reflexiona sobre el futuro económico -- Reflexión cristiana sobre el hecho nacional y nacionalismo |
| 650 | 1 | 4 | _aTEOLOGIA SOCIAL \ FE \ VIDA CRISTIANA - TEOLOGIA SOCIAL \ EDUCACION CIVICA - CRISTIANISMO \ CRISTIANISMO Y DEMOCRACIA \ SOCIALISMO CRISTIANO |
| 001 | 13909 | ||
| 942 | _cBK | ||
| 999 |
_c42842 _d42842 |
||
| 336 |
_atexto _btxt _2rdacontent |
||
| 337 |
_2rdamedia _asin mediación _bn |
||
| 338 |
_2rdacarrier _avolumen _bnc |
||